[Event "OBEM 2018"]
[Site "Bremen"]
[Date "2018.03.26"]
[Round "4.2"]
[White "Schulz, Daniel"]
[Black "Kardoeus, David"]
[Result "1-0"]
[WhiteElo "2052"]
[BlackElo "2229"]
[Annotator "TA"]
[PlyCount "129"]
[EventDate "2018.??.??"]
[EventType "swiss"]
[EventCountry "GER"]
[SourceTitle "playchess.com"]
[Source "ChessBase"]
[SourceQuality "1"]

{[%evp 16,129,39,31,41,36,34,43,102,102,102,99,106,81,83,75,96,104,108,112,172,38,32,31,39,10,22,27,30,0,21,20,14,0,6,6,12,19,4,2,21,0,56,45,47,55,90,92,123,106,123,120,135,107,183,195,188,134,226,229,2037,1984,1339,0,196,120,227,227,215,215,211,176,169,168,367,354,592,562,608,601,687,684,1180,1140,843,531,446,522,497,394,405,64,64,0,397,398,337,207,404,393,1391,1222,1393,984,4768,1528,29962,10841,29976,29977,29977,29978,29978,29976,29978,29977]} 1. d4 Nf6 2. c4 g6 3. g3 Bg7 4. Bg2 O-O 5. Nf3 d6 6. O-O Nc6 7. Nc3 a6 8. b3 Rb8 9. d5 {LiveBook: 56 Games} Nxd5 {E63: King's Indian: Fianchetto: Panno Variation with 7...a6} 10. cxd5 {Strongly threatening Bb2.} Bxc3 11. Bh6 $1 Bxa1 $146 (11... Ne5 $14) ({Predecessor:} 11... Ne5 12. Bxf8 Bxa1 13. Bxe7 Qxe7 14. Qxa1 Bd7 15. Rc1 Rc8 16. Rc3 c5 17. dxc6 bxc6 {1-0 (69) Maletin,P (2556)-Kurnosov,I (2592) Miass 2007}) 12. Qxa1 $16 {[%csl Gh6][%cal Ra1g7]} Ne5 13. Nxe5 dxe5 14. Bxf8 (14. Qxe5 $6 f6 $11) (14. f4 {is more complex.} Ra8 15. e3 c6 16. dxc6 bxc6 17. Rd1) 14... Kxf8 15. Qxe5 {[%cal Re5h8]} f6 16. Qe3 Ra8 17. Rc1 Qd6 (17... Kg7 $16) 18. Qc3 (18. Rc4 $1 $18 {Qh6+ is the strong threat.} Kg8 19. Qc1) 18... Bd7 $14 19. Rc2 Rc8 20. Qc5 b6 21. Qc4 Bb5 22. Qf4 c5 23. Qh6+ Kg8 24. Bh3 Bd7 25. Rc4 Rf8 26. Bxd7 Qxd7 $11 {[%mdl 4096] Endgame KQR-KQR} 27. Re4 Re8 28. Qe3 Kf7 ({Black should play} 28... Qxd5 $11 29. Rxe7 Rxe7 30. Qxe7 f5) 29. Re6 $14 Qxd5 30. Rxb6 Ra8 {[#]} 31. Qf3 $1 $36 {[%cal Rf3d5][%mdl 2048] White has strong initiative.} Qd1+ 32. Kg2 Ra7 33. Qe4 Qd7 34. Qc6 Qd4 (34... Rc7 $16 {keeps fighting.} 35. Qxd7 Rxd7) 35. Qe6+ $18 Kg7 36. f3 (36. Rb8 $18 {Black must now prevent Rg8+.} Kh6 37. Rg8) 36... a5 (36... Qd7 $16 {was worth a try.} 37. Qxd7 (37. Rxa6 Qxe6 38. Rxe6 Kf7 $11) 37... Rxd7) 37. Rb8 {Threatens to win with Rg8+.} Kh6 $2 (37... Qe5 38. Rg8+ Kh6 39. Qxe5 fxe5) 38. Qh3+ Kg7 39. Qe6 $2 (39. Qc8 {[%csl Gb8][%cal Rc8f8]} g5 40. Qe6) 39... Kh6 $1 40. Re8 (40. Qh3+ Kg7 $18) (40. b4 $18) 40... Qe5 (40... Qd6 $16 41. Qe4 e5) 41. Qxe5 fxe5 {KR-KR} 42. Rc8 e4 43. Rxc5 ({Don't take} 43. fxe4 a4) 43... exf3+ 44. Kxf3 ({Don't do} 44. exf3 a4 $16) 44... a4 $2 (44... Kg7 45. h4 Kf7) 45. b4 a3 $2 (45... Rd7 46. Ra5 Rb7) 46. Rc3 Kg5 47. Ke4 Kg4 48. h4 Rd7 49. Rxa3 Rd2 50. Ke3 Rb2 51. Rb3 Rxa2 52. Kf2 ({Not} 52. b5 Kxg3 53. b6 Ra8 $18) 52... Ra6 53. Ke1 $2 (53. b5 $18 Rb6 54. e4) 53... Ra1+ $14 54. Kf2 $2 {[%mdl 8192]} (54. Kd2 $1 $14) 54... Ra6 $18 55. b5 Rb6 56. Ke1 h5 $2 (56... Kf5 57. Kd2 Ke6) 57. Kd2 e5 $2 {[#]} (57... Kh3 58. Kc1 Kg4) 58. e4 $1 g5 59. hxg5 Kxg5 60. Kc3 h4 61. gxh4+ Kxh4 62. Kc4 {White mates.} Kg4 63. Kc5 Rb8 64. Rb4 Kf4 65. b6 {Precision: White = 59%, Black = 27%.} 1-0

[Event "OBEM 2018"]
[Site "Bremen"]
[Date "2018.03.26"]
[Round "4.3"]
[White "Hoeffer, David"]
[Black "Issing, Peter"]
[Result "0-1"]
[WhiteElo "2264"]
[BlackElo "2196"]
[Annotator "TA"]
[PlyCount "76"]
[EventDate "2018.??.??"]
[EventType "swiss"]
[EventCountry "GER"]
[SourceTitle "playchess.com"]
[Source "ChessBase"]
[SourceQuality "1"]

{[%evp 11,76,9,8,-86,-69,-53,-66,-56,-57,-61,-70,-133,-98,-100,-88,-160,-134,-162,-158,-301,-205,-307,-279,-279,-268,-284,-289,-279,-264,-295,-286,-372,-366,-365,-348,-495,-496,-491,-475,-564,-561,-560,-561,-552,-547,-590,-557,-587,-591,-570,-565,-593,-585,-861,-845,-1500,-1076,-29941,-6222,-29991,-29992,-29992,-1349,-1195,-1028,-993,-533]} 1. d4 Nf6 2. c4 e6 3. Nf3 Bb4+ 4. Bd2 c5 5. g3 Qb6 6. Qb3 Nc6 {[%cal Bb8c6,Bc6b4,Bb4a2][%mdl 32] LiveBook: 23 Games. E11: Bogo-Indian} 7. d5 $146 (7. dxc5 $11 {keeps the balance.} Bxc5 8. e3) ({Predecessor:} 7. dxc5 Bxc5 8. Qxb6 {½-½ (8) Stohl,I (2518)-Jakubowski,K (2510) Czechia 2013}) 7... exd5 8. cxd5 Bxd2+ {Black is slightly better.} 9. Nbxd2 Qxb3 10. Nxb3 Nb4 {...Nc2+ is the strong threat.} 11. O-O-O (11. Rd1 $15) 11... Nxa2+ 12. Kb1 Nb4 13. e4 (13. Nxc5 $142 d6 14. Nd3) 13... b6 14. Bc4 d6 ({Don't take} 14... Nxe4 15. Rhe1 $15) 15. e5 (15. Nfd2 $17) 15... Bf5+ 16. Ka1 (16. Kc1 $142 Ng4 17. Rhf1) 16... dxe5 17. Nxe5 O-O 18. d6 Rad8 19. f3 Nc2+ 20. Ka2 Ne3 21. Bb5 Nxd1 22. Rxd1 {[#]} a6 $1 {[%cal Ba7a6,Ba6b5][%mdl 32]} 23. Bc6 (23. Bc4 $142) (23. Bxa6 Ra8) 23... Nd7 $19 24. Nc4 Be6 25. Bxd7 Bxc4 ({Not} 25... Bxd7 26. Nxb6 Be6 27. d7 $15) 26. Bc6 Bb5 27. Bxb5 axb5 {[%mdl 4096] Endgame KRR-KRN} 28. Rd5 Rd7 29. Nd2 f5 30. b4 cxb4 31. f4 Rf6 32. Nf3 Rfxd6 33. Rxf5 Ra7+ 34. Kb2 Ra3 35. Ng5 Rd2+ 36. Kb1 Re3 (36... Rad3 $142 37. Rxb5 Rxh2 38. Kc1 Rc3+ 39. Kb1 Rxg3 40. Rc5 bxc5 41. Nh3 Rhxh3 42. Kc1 Rh2 43. f5 Rg1#) 37. Kc1 Rxh2 {[%cal Re3e1] [#]} 38. Rd5 Re1+ {Precision: White = 18%, Black = 75%.} 0-1

[Event "OBEM 2018"]
[Site "Bremen"]
[Date "2018.03.26"]
[Round "4.4"]
[White "Margraf, Daniel"]
[Black "Stieglitz, Dirk"]
[Result "1-0"]
[WhiteElo "2200"]
[BlackElo "2052"]
[Annotator "TA"]
[PlyCount "111"]
[EventDate "2018.??.??"]
[EventType "swiss"]
[EventCountry "GER"]
[SourceTitle "playchess.com"]
[Source "ChessBase"]
[SourceQuality "1"]

{[%evp 9,111,38,45,0,0,-73,37,27,52,8,9,9,33,15,21,0,26,18,70,-11,-10,-10,-6,-6,-8,-48,-48,-31,-12,-43,-44,-44,-47,-44,-50,-45,-35,-49,0,-2,6,4,6,0,2,0,1,4,4,0,0,0,0,0,0,0,0,-7,0,0,0,4,34,34,143,163,234,229,233,229,214,184,186,190,191,174,224,200,238,221,268,268,268,268,268,268,268,268,353,336,340,344,344,325,313,193,405,389,12843,12843,12845,12845,12845,12846]} 1. e4 Nf6 2. e5 Nd5 3. d4 d6 4. Nf3 dxe5 5. Nxe5 c6 6. Qf3 {[%csl Ge5][%cal Rf3f7] B04: Alekhine's Defence: 4 Nf3} (6. Be2 {feels hotter.} Bf5 7. O-O Nd7 8. Nd3 e6 9. c4) (6. Be2 Bf5 7. O-O Nd7 8. Nf3 Qc7 9. Nh4 Be6 10. Re1 Rd8 11. Bf1 g6 12. c4 N5f6 13. Nc3 Bg7 14. h3 {1-0 (137) Grischuk,A (2772)-Ivanchuk,V (2726) Huaian 2017}) 6... Be6 $1 7. c4 {[#]} (7. Na3 $11 {remains equal.}) 7... Nb6 ({Black should play} 7... Nb4 $1 $17 {[%cal Rb4c2] Hoping for ...Nc2+.} 8. Qc3 Qxd4 9. Qxb4 Qxe5+ 10. Be3 Qc7) 8. Qc3 $1 $14 {White is slightly better.} N8d7 9. Be2 $146 (9. Nf3 {looks sharper.} Bg4 10. Be2 e6 11. O-O Be7 12. Qe3) ({Predecessor:} 9. Bf4 Nf6 10. Nd2 g6 11. Be2 Bg7 12. h4 h5 13. O-O-O Nbd7 {0-1 (25) Pawlick,H (1950)-Mertin,J (1701) Mecklenburg VP 2006}) 9... Nxe5 10. dxe5 g6 11. O-O Bg7 12. Bf4 O-O 13. Nd2 c5 (13... Nd7 $11) 14. Ne4 (14. b3 $14) 14... Qd4 $11 15. Qxd4 cxd4 16. b3 Nd7 17. Rae1 Nxe5 18. Nc5 Bc8 19. Bxe5 (19. Bd1 $5 {[%cal Rf4e5]} f6 20. Bc2 $15) 19... Bxe5 20. Bf3 Bd6 21. Nxb7 Bxb7 22. Bxb7 Rab8 23. Bc6 e5 24. c5 $36 {[%mdl 2048] White is more active.} Bxc5 {aiming for ...Bd6.} 25. Rxe5 Bb4 26. Rd1 Rbc8 27. Rb5 a5 28. Be4 Rfe8 29. f3 Re7 30. Kf1 Rd8 31. g4 Bc3 32. Rc5 {Strongly threatening Rxc3!} Rb8 33. Ke2 h6 34. h4 {[%cal Bh2h4,Bh4h5][%mdl 32]} Kg7 35. h5 g5 36. Kd3 Rb4 ({Better is} 36... Ra7 $14) 37. Rxa5 $16 Rxb3 {[#]} (37... Rb8 $142 38. Ra6 Rc7) 38. Rxg5+ $1 $18 {[%mdl 512]} hxg5 39. axb3 $16 {[%mdl 4096] Endgame KRB-KRB} Re6 40. Rb1 Rb6 41. Kc2 Kh6 42. Rh1 Rb5 {[#]} 43. Rh2 $1 Ra5 {...Ra2+ is the strong threat.} 44. Re2 Re5 45. Kd3 Ra5 46. Bf5 Ra7 47. Re8 Rb7 48. Rc8 Rxb3 49. Rc6+ f6 50. Rxf6+ Kg7 51. Rg6+ Kh8 52. h6 Ba1+ $2 (52... Ba5+ {was called for.} 53. Kxd4 Rb6 54. Rxb6 Bxb6+ 55. Ke5 Be3) 53. Kc2 $18 Rxf3 $2 (53... Rb8 54. Rxg5 Rb2+ 55. Kd1 Rb6) 54. Ra6 {[%cal Ra6a8] White is clearly winning.} d3+ 55. Kd2 {[%cal Ra6a8]} Rf2+ 56. Kxd3 {Precision: White = 54%, Black = 40%.} 1-0

[Event "OBEM 2018"]
[Site "Bremen"]
[Date "2018.03.27"]
[Round "5"]
[White "Silber, Kevin"]
[Black "Margraf, Daniel"]
[Result "0-1"]
[WhiteElo "2274"]
[BlackElo "2200"]
[Annotator "ChessBase"]
[PlyCount "98"]
[EventDate "2018.??.??"]
[EventType "swiss"]
[EventCountry "GER"]
[SourceTitle "playchess.com"]
[Source "ChessBase"]
[SourceQuality "1"]
[TimeControl "40/5400+30:1800+30"]

1. e4 {[%emt 0:00:00]} e5 {[%emt 0:00:05]} 2. Nf3 {[%emt 0:00:00]} Nc6 {[%emt 0:00:06]} 3. Bb5 {[%emt 0:00:00]} a6 {[%emt 0:00:04]} 4. Bxc6 {[%emt 0:00:00]} dxc6 {[%emt 0:00:05]} 5. O-O {[%emt 0:00:02]} Bg4 {[%emt 0:00:09]} 6. h3 {[%emt 0:00:08]} Bh5 {[%emt 0:00:37]} 7. g4 {[%emt 0:00:49]} Bg6 {[%emt 0:00:11]} 8. Nxe5 {[%emt 0:00:13]} Qh4 {[%emt 0:01:01]} 9. Qf3 {[%emt 0:01:24]} f6 {[%emt 0:02:29]} 10. Nxg6 {[%emt 0:00:24]} hxg6 {[%emt 0:00:06]} 11. Kg2 {[%emt 0:00:05]} O-O-O {[%emt 0:00:31]} 12. d3 {[%emt 0:02:03]} Bd6 {[%emt 0:04:43]} 13. Nc3 {[%emt 0:21:28]} Ne7 {[%emt 0:07:13]} 14. Rh1 {[%emt 0:02:21]} g5 {[%emt 0:05:46]} 15. Be3 {[%emt 0:06:56]} Kb8 {[%emt 0:04:30]} 16. Ne2 {[%emt 0:06:14]} Ng6 {[%emt 0:05:28]} 17. Nd4 {[%emt 0:06:58]} Qh7 {[%emt 0:09:49]} 18. Nf5 {[%emt 0:09:27]} Be5 {[%emt 0:07:38]} 19. Rad1 {[%emt 0:14:25]} Bxb2 {[%emt 0:12:49]} 20. d4 {[%emt 0:07:01]} Rhe8 {[%emt 0:05:49]} 21. Rb1 {[%emt 0:05:13]} Bxd4 {[%emt 0:07:38]} 22. Bxd4 {[%emt 0:02:01]} Nf4+ {[%emt 0:12:19]} 23. Kf1 {[%emt 0:08:27]} g6 {[%emt 0:06:44]} 24. Bxf6 {[%emt 0:00:17]} gxf5 {[%emt 0:00:08]} 25. Bxd8 {[%emt 0:02:42]} Rxd8 {[%emt 0:00:22]} 26. exf5 {[%emt 0:00:16]} Rd5 {[%emt 0:00:43]} 27. Kg1 {[%emt 0:02:13]} Rc5 {[%emt 0:00:04]} 28. Qb3 {[%emt 0:01:05]} Rb5 {[%emt 0:00:27]} 29. Kh2 {[%emt 0:00:27]} Rxb3 {[%emt 0:00:15]} 30. Rxb3 {[%emt 0:00:02]} Qe7 {[%emt 0:00:57]} 31. Re3 {[%emt 0:00:18]} Qd6 {[%emt 0:00:05]} 32. Rf1 {[%emt 0:01:30]} Nd5+ {[%emt 0:00:36]} 33. Rg3 {[%emt 0:00:10]} Qf4 {[%emt 0:00:23]} 34. Kg1 {[%emt 0:00:39]} b5 {[%emt 0:00:55]} 35. Rd1 {[%emt 0:00:40]} Kb7 {[%emt 0:00:16]} 36. c3 {[%emt 0:00:42]} a5 {[%emt 0:01:02]} 37. Rdd3 {[%emt 0:00:33]} Qc1+ {[%emt 0:01:26]} 38. Kh2 {[%emt 0:00:04]} Nf4 {[%emt 0:00:54]} 39. Rdf3 {[%emt 0:01:18]} Qd2 {[%emt 0:02:12]} 40. a3 {[%emt 0:00:36]} Qd6 {[%emt 0:30:24]} 41. Re3 {[%emt 0:01:23]} c5 {[%emt 0:00:00]} 42. Kg1 {[%emt 0:00:27]} c4 {[%emt 0:00:00]} 43. h4 {[%emt 0:00:39]} gxh4 {[%emt 0:00:00]} 44. Rgf3 {[%emt 0:00:06]} Qd1+ {[%emt 0:00:00]} 45. Kh2 {[%emt 0:00:07]} Ne2 {[%emt 0:00:00]} 46. Rxe2 {[%emt 0:02:41]} Qxe2 {[%emt 0:00:00]} 47. Kg2 {[%emt 0:00:22]} h3+ {[%emt 0:00:00]} 48. Rxh3 {[%emt 0:00:27]} Qxg4+ {[%emt 0:00:00]} 49. Rg3 {[%emt 0:00:13]} Qxf5 {[%emt 0:00:00]} 0-1

[Event "OBEM 2018"]
[Site "Bremen"]
[Date "2018.03.27"]
[Round "5"]
[White "Kardoeus, David"]
[Black "Boehning, Kilian"]
[Result "1/2-1/2"]
[WhiteElo "2229"]
[BlackElo "2109"]
[Annotator "NA"]
[PlyCount "30"]
[EventDate "2018.??.??"]
[EventType "swiss"]
[EventCountry "GER"]
[SourceTitle "playchess.com"]
[Source "ChessBase"]
[SourceQuality "1"]
[TimeControl "40/5400+30:1800+30"]

1. e4 {[%emt 0:04:50]} e5 {[%emt 0:00:38]} 2. Nf3 {[%emt 0:00:11]} Nc6 {[%emt 0:00:10]} 3. Nc3 {[%emt 0:00:22]} Be7 {[%emt 0:03:23]} 4. Bb5 {[%emt 0:05:01]} d6 {[%emt 0:04:10]} 5. d4 {[%emt 0:05:21]} exd4 {[%emt 0:01:52]} 6. Nd5 {[%emt 0:00:11]} a6 {[%emt 0:06:37]} 7. Bxc6+ {[%emt 0:03:37]} bxc6 {[%emt 0:00:23]} 8. Nxe7 {[%emt 0:00:41]} Nxe7 {[%emt 0:05:00]} 9. Qxd4 {[%emt 0:02:40]} O-O {[%emt 0:04:30]} 10. Bd2 {[%emt 0:12:23]} c5 {[%emt 0:05:30]} 11. Qd3 {[%emt 0:01:14]} Rb8 {[%emt 0:01:19]} 12. Bc3 {[%emt 0:12:08]} Qe8 {[%emt 0:08:58]} 13. O-O-O {[%emt 0:15:44]} Qa4 {[%emt 0:01:18]} 14. a3 {[%emt 0:00:52]} Qb5 {[%emt 0:07:44]} 15. Qxb5 {[%emt 0:02:34]} axb5 $11 {[%emt 0:01:02]} 1/2-1/2

[Event "OBEM 2018"]
[Site "Bremen"]
[Date "2018.03.27"]
[Round "5"]
[White "Issing, Peter"]
[Black "Schulz, Daniel"]
[Result "1-0"]
[WhiteElo "2196"]
[BlackElo "2051"]
[Annotator "ChessBase"]
[PlyCount "81"]
[EventDate "2018.??.??"]
[EventType "swiss"]
[EventCountry "GER"]
[SourceTitle "playchess.com"]
[Source "ChessBase"]
[SourceQuality "1"]
[TimeControl "40/5400+30:1800+30"]

1. Nf3 {[%emt 0:00:20]} Nf6 {[%emt 0:12:54]} 2. c4 {[%emt 0:00:59]} b6 {[%emt 0:04:51]} 3. g3 {[%emt 0:03:54]} Bb7 {[%emt 0:00:14]} 4. Bg2 {[%emt 0:00:04]} e6 {[%emt 0:00:19]} 5. O-O {[%emt 0:00:21]} Be7 {[%emt 0:00:10]} 6. b3 {[%emt 0:00:51]} O-O {[%emt 0:00:21]} 7. Bb2 {[%emt 0:00:08]} c5 {[%emt 0:04:11]} 8. Nc3 {[%emt 0:01:07]} Nc6 {[%emt 0:00:46]} 9. d4 {[%emt 0:02:00]} cxd4 {[%emt 0:02:23]} 10. Nxd4 {[%emt 0:00:59]} a6 {[%emt 0:09:38]} 11. Rc1 {[%emt 0:09:32]} Qc7 {[%emt 0:06:40]} 12. Nd5 {[%emt 0:06:42]} Qd8 {[%emt 0:13:44]} 13. Nxe7+ {[%emt 0:02:56]} Qxe7 {[%emt 0:03:34]} 14. Qd2 {[%emt 0:05:03]} Rfd8 {[%emt 0:01:30]} 15. Rfd1 {[%emt 0:02:18]} Rac8 {[%emt 0:06:56]} 16. Qe3 {[%emt 0:08:59]} d5 {[%emt 0:17:33]} 17. Nxc6 {[%emt 0:05:23]} Rxc6 {[%emt 0:00:15]} 18. cxd5 {[%emt 0:12:37]} Rxc1 {[%emt 0:05:49]} 19. Rxc1 {[%emt 0:00:37]} Nxd5 {[%emt 0:01:53]} 20. Qd4 {[%emt 0:15:32]} f6 {[%emt 0:02:09]} 21. Rd1 {[%emt 0:01:52]} Rc8 {[%emt 0:01:47]} 22. e4 {[%emt 0:00:51]} e5 {[%emt 0:02:04]} 23. Qd2 {[%emt 0:00:11]} Nb4 {[%emt 0:00:53]} 24. a3 {[%emt 0:06:09]} Nc6 {[%emt 0:00:14]} 25. Qe3 {[%emt 0:01:13]} Qc7 {[%emt 0:01:19]} 26. Bh3 {[%emt 0:00:26]} Rd8 {[%emt 0:00:30]} 27. Be6+ {[%emt 0:00:13]} Kh8 {[%emt 0:00:29]} 28. Rc1 {[%emt 0:00:09]} Rd6 {[%emt 0:00:43]} 29. Bd5 {[%emt 0:00:14]} Qd8 {[%emt 0:00:12]} 30. a4 {[%emt 0:00:59]} Na5 {[%emt 0:00:32]} 31. Ba3 {[%emt 0:01:31]} Rd7 {[%emt 0:00:54]} 32. b4 {[%emt 0:06:24]} Bxd5 {[%emt 0:00:30]} 33. bxa5 {[%emt 0:00:48]} Bb7 {[%emt 0:00:18]} 34. axb6 {[%emt 0:04:12]} Rd3 {[%emt 0:00:33]} 35. Qc5 {[%emt 0:00:06]} Rd1+ {[%emt 0:00:02]} 36. Kg2 {[%emt 0:00:16]} Bxe4+ {[%emt 0:00:18]} 37. f3 {[%emt 0:00:48]} Rd2+ {[%emt 0:00:33]} 38. Kh3 {[%emt 0:00:28]} Bf5+ {[%emt 0:00:56]} 39. g4 {[%emt 0:00:08]} Bxg4+ {[%emt 0:00:51]} 40. Kxg4 {[%emt 0:00:52]} f5+ {[%emt 0:30:29]} 41. Kh3 {[%emt 0:31:28]} 1-0

[Event "OBEM 2018"]
[Site "Bremen"]
[Date "2018.03.27"]
[Round "5"]
[White "Mueller, Wolfgang"]
[Black "Steffens, Oliver"]
[Result "1-0"]
[WhiteElo "2023"]
[BlackElo "1880"]
[Annotator "NA"]
[PlyCount "77"]
[EventDate "2018.??.??"]
[EventType "swiss"]
[EventCountry "GER"]
[SourceTitle "playchess.com"]
[Source "ChessBase"]
[SourceQuality "1"]
[TimeControl "40/5400+30:1800+30"]

1. e4 {[%emt 0:00:00]} c5 {[%emt 0:00:04]} 2. Nf3 {[%emt 0:00:00]} Nc6 {[%emt 0:00:09]} 3. d4 {[%emt 0:00:00]} cxd4 {[%emt 0:00:06]} 4. Nxd4 {[%emt 0:00:03]} Nf6 {[%emt 0:00:05]} 5. Nc3 {[%emt 0:00:15]} e5 {[%emt 0:00:04]} 6. Ndb5 {[%emt 0:00:26]} d6 {[%emt 0:00:05]} 7. Bg5 {[%emt 0:00:14]} a6 {[%emt 0:00:11]} 8. Na3 {[%emt 0:00:06]} b5 {[%emt 0:00:04]} 9. Bxf6 {[%emt 0:00:08]} gxf6 {[%emt 0:00:06]} 10. Nd5 {[%emt 0:00:05]} Bg7 {[%emt 0:00:19]} 11. c3 {[%emt 0:00:44]} f5 {[%emt 0:00:06]} 12. exf5 {[%emt 0:00:46]} Bxf5 {[%emt 0:00:12]} 13. Nc2 {[%emt 0:00:10]} O-O {[%emt 0:00:56]} 14. Nce3 {[%emt 0:00:13]} Be6 {[%emt 0:00:24]} 15. Bd3 {[%emt 0:00:18]} f5 {[%emt 0:02:07]} 16. Qh5 {[%emt 0:00:54]} e4 {[%emt 0:01:52]} 17. Bc2 {[%emt 0:00:06]} Ne7 {[%emt 0:01:33]} 18. Rd1 {[%emt 0:00:43]} Ng6 {[%emt 0:08:12]} 19. g3 {[%emt 0:45:14]} Ne5 {[%emt 0:03:18]} 20. Nf4 {[%emt 0:02:07]} Bf7 {[%emt 0:19:52]} 21. Bb3 {[%emt 0:06:08]} Bxb3 {[%emt 0:05:29]} 22. axb3 {[%emt 0:02:14]} Qd7 {[%emt 0:04:20]} 23. Rd5 {[%emt 0:06:08]} Nf3+ {[%emt 0:04:50]} 24. Ke2 {[%emt 0:07:28]} Be5 {[%emt 0:01:55]} 25. Rhd1 {[%emt 0:01:17]} Rf6 {[%emt 0:00:33]} 26. Rxe5 {[%emt 0:05:20]} Nxe5 {[%emt 0:00:13]} 27. Nfd5 {[%emt 0:00:49]} Raf8 {[%emt 0:19:59]} 28. Nxf6+ {[%emt 0:02:29]} Rxf6 {[%emt 0:00:10]} 29. Qg5+ {[%emt 0:02:44]} Kf7 {[%emt 0:01:34]} 30. Nd5 {[%emt 0:03:56]} Rg6 {[%emt 0:01:09]} 31. Qh5 {[%emt 0:00:21]} Kf8 {[%emt 0:14:07]} 32. Ra1 {[%emt 0:01:11]} Nd3 {[%emt 0:02:42]} 33. Rxa6 {[%emt 0:01:02]} Kg7 {[%emt 0:06:04]} 34. Ne3 {[%emt 0:02:01]} Kf6 {[%emt 0:01:23]} 35. Nxf5 {[%emt 0:02:21]} Rg5 {[%emt 0:00:30]} 36. Rxd6+ {[%emt 0:00:50]} Qxd6 {[%emt 0:01:04]} 37. Qxg5+ {[%emt 0:00:17]} Kxg5 {[%emt 0:00:11]} 38. Nxd6 {[%emt 0:00:09]} Nc1+ {[%emt 0:00:28]} 39. Ke3 {[%emt 0:00:20]} 1-0

[Event "OBEM 2018"]
[Site "Bremen"]
[Date "2018.03.28"]
[Round "6.1"]
[White "Margraf, Daniel"]
[Black "Issing, Peter"]
[Result "1-0"]
[WhiteElo "2200"]
[BlackElo "2196"]
[Annotator "TA"]
[PlyCount "81"]
[EventDate "2018.??.??"]
[EventType "swiss"]
[EventCountry "GER"]
[SourceTitle "playchess.com"]
[Source "ChessBase"]
[SourceQuality "1"]

{[%evp 14,81,43,58,92,84,65,58,72,80,76,83,75,70,73,86,75,75,84,75,83,59,45,49,85,81,104,90,116,115,118,16,52,41,97,105,105,102,114,112,124,131,185,178,249,249,216,186,232,226,387,385,396,396,478,148,147,0,481,480,472,439,474,454,429,438,1095,1095,1073,1073]} 1. e4 e5 2. Nf3 Nc6 3. Bb5 a6 4. Bxc6 dxc6 5. O-O Ne7 6. Nxe5 Qd4 {C68: Ruy Lopez: Exchange Variation, sidelines} 7. Qh5 g6 8. Nf3 {LiveBook: 63 Games} (8. Qg5 Bg7 9. Nd3 f5 10. e5 c5 11. b3 b6 12. Bb2 Qg4 13. Qe3 Nd5 14. Qe1 Bb7 15. f3 Qg5 16. Nc3 O-O-O 17. Nxd5 Bxd5 18. Qe2 f4 19. b4 {½-½ (32) Motylev,A (2658)-Ponomariov,R (2729) Poikovsky 2012}) 8... Qxf2+ {White is slightly better.} 9. Rxf2 gxh5 10. d4 $146 ({Predecessor:} 10. d3 Ng6 11. Be3 Be6 12. Nc3 O-O-O 13. Raf1 Rg8 14. Ng5 {1-0 (33) Volzhin,A (2405)-Zaitsev,I (2445) Orel 1992}) 10... Bg7 11. Bf4 c5 12. Bxc7 cxd4 13. Be5 Bxe5 14. Nxe5 Be6 15. Nd2 O-O 16. Nb3 Rad8 17. Rd1 Bxb3 18. axb3 f5 19. Rfd2 fxe4 {aiming for ...Rd5.} 20. Rxd4 Rxd4 21. Rxd4 $16 {[%mdl 4096] Endgame KRN-KRN} e3 {[#] And now ...e2 would win.} 22. Re4 (22. Nf3 $1 $16) 22... Nf5 23. Nc4 Rd8 (23... Rc8 $14) 24. Nxe3 Nxe3 25. Rxe3 {KR-KR} Rd2 26. Rc3 b5 27. h4 Kf7 (27... Rd1+ $16 28. Kf2 Rb1) 28. Rc6 $18 b4 (28... Rd1+ {might work better.} 29. Kf2 a5 30. Rc7+ Kg6) 29. Kh2 a5 30. Rc5 Kg6 31. Kg3 ({Don't take} 31. Rxa5 $6 Rxc2 32. Rb5 Rxb2) 31... h6 $2 (31... Kg7 32. Rc7+ (32. Rxa5 Rxc2 33. Rb5 Rxb2 $16) 32... Kg6) 32. Kf3 Kg7 33. g3 Kg6 34. Ke4 $2 (34. Rxa5 $18 {is the precise move to win. Rc5 is the strong threat.} Rxc2 35. Rb5) 34... Rg2 $16 35. Kf3 $2 {[%mdl 8192]} (35. Kf4 $16) 35... Rd2 $18 36. Rxa5 {White is clearly winning.} Rxc2 37. Rb5 Rxb2 38. Rxb4 Rd2 39. Rb6+ Kf5 (39... Kg7 $142 40. b4 Rd4) 40. Rxh6 Rd3+ {[#]} 41. Kg2 $1 {Precision: White = 65%, Black = 31%.} 1-0

[Event "OBEM 2018"]
[Site "Bremen"]
[Date "2018.03.28"]
[Round "6.2"]
[White "Schulz, Daniel"]
[Black "Mueller, Wolfgang"]
[Result "0-1"]
[WhiteElo "2052"]
[BlackElo "2023"]
[Annotator "NA RC"]
[PlyCount "66"]
[EventDate "2018.??.??"]
[EventType "swiss"]
[EventCountry "GER"]
[SourceTitle "playchess.com"]
[Source "ChessBase"]
[SourceQuality "1"]
[TimeControl "40/5400+30:1800+30"]

1. d4 e6 2. c4 d5 3. Nf3 Nf6 4. g3 Be7 5. Bg2 O-O 6. O-O Nbd7 7. Qc2 c6 8. Nbd2 b6 9. e4 dxe4 10. Nxe4 Nxe4 11. Qxe4 Bb7 12. Rd1 Nf6 13. Qc2 Rc8 14. Rb1 h6 15. c5 Nd5 16. Bd2 Bf6 17. a4 Qe7 18. b4 Rfd8 19. Rdc1 g5 20. h3 Qc7 21. Qe4 Bg7 22. Qe2 Ne7 23. b5 cxb5 24. c6 Bxc6 25. Nxg5 hxg5 26. axb5 Bxd4 27. Qg4 Bxf2+ 28. Kh2 Qxg3+ 29. Qxg3 Bxg3+ 30. Kxg3 Nf5+ 31. Kg4 Bxg2 32. Bxg5 Rd4+ 33. Kh5 Bf3# 0-1